| 000 | 01398pab a2200181 454500 | ||
|---|---|---|---|
| 008 | 180718b2014 xxu||||| |||| 00| 0 eng d | ||
| 100 | _aKhan, Moina | ||
| 245 | _aEmpowering locales: Need for an effective community media | ||
| 260 | _c2014 | ||
| 300 | _ap.155-166. | ||
| 362 | _aJan-Mar | ||
| 520 | _aIndia is a pluralistic society, and a synthetic mosaic constructed with an amalgamation of different kinds of communities and hence community communication becomes an urgent need. Though with the phase two of FM licensing in July 2005, airwaves were made accessible and many community radio stations belonging to non-government organisations and educational institutions were set up all over India. Many campus community radio stations have been set up in urban areas under the governance of respective educational institutions, with an aim that these will act as a good communication agent. In Indian metropolitan cities, where there are many sources for information and entertainment, what is the image of community radio stations among its audience? Campus people, can be aware of it, but what about the community it caters to? Why do they actually listen to it? Do they actually depend on this kind of communication strategy? - Reproduced. | ||
| 650 | _aLocal press | ||
| 650 | _aCommunication | ||
| 773 | _aIndian Journal of Public Administration | ||
| 908 | _aN | ||
| 909 | _a104114 | ||
| 999 |
_c104110 _d104110 |
||